[Event "Hannover-chB"]
[Site "Lehrte"]
[Date "2008.10.13"]
[Round "6"]
[White "Neitzel, Christoph"]
[Black "Raulf, Christopher"]
[Result "1-0"]
[WhiteElo "1710"]
[BlackElo "1663"]
[PlyCount "85"]
[EventDate "2008.10.11"]
[EventType "swiss"]
[EventRounds "7"]
[EventCountry "GER"]
[SourceTitle "EXT 2021"]
[Source "ChessBase"]
[SourceDate "2020.10.23"]
[SourceVersion "1"]
[SourceVersionDate "2020.10.23"]
[SourceQuality "1"]

1. e4 c5 2. Nf3 Nc6 3. d4 cxd4 4. Nxd4 Nf6 5. Nc3 g6 6. Nxc6 dxc6 7. Qxd8+ Kxd8 8. Bc4 e6 9. Bg5 Be7 10. 0-0-0+ Nd7 11. Bf4 b5 12. Be2 h5 13. h4 f6 14. e5 f5 15. Be3 Kc7 16. f4 a5 17. Bf3 Bb7 18. Nxb5+ cxb5 19. Bxb7 Rad8 20. Bf3 Nb6 21. Bf2 Nd5 22. g3 Rd7 23. Rd2 Rhd8 24. Rhd1 a4 25. Be2 Kc6 26. c4 bxc4 27. Bxc4 a3 28. Rd3 axb2+ 29. Kxb2 Rb8+ 30. Ka1 Nb4 31. Rc1 Nxd3 32. Bxd3+ Kb7 33. Be2 Rc7 34. Ba6+ Kxa6 35. Rxc7 Rb7 36. Rc6+ Ka5 37. Rxe6 Ba3 38. Be1+ Kb5 39. Bc3 Rd7 40. Kb1 Kc4 41. Rc6+ Kd3 42. Ba5 Rd4 43. Rc3+ 1-0

[Event "Hannover-chB"]
[Site "Lehrte"]
[Date "2008.10.12"]
[Round "3"]
[White "Engelking, Michael"]
[Black "Raulf, Christopher"]
[Result "1/2-1/2"]
[WhiteElo "1716"]
[BlackElo "1663"]
[PlyCount "55"]
[EventDate "2008.10.11"]
[EventType "swiss"]
[EventRounds "7"]
[EventCountry "GER"]
[SourceTitle "EXT 2021"]
[Source "ChessBase"]
[SourceDate "2020.10.23"]
[SourceVersion "1"]
[SourceVersionDate "2020.10.23"]
[SourceQuality "1"]

1. d4 d5 2. c4 e6 3. Nc3 Nf6 4. Nf3 c6 5. Bf4 Nbd7 6. e3 Be7 7. Bd3 Nh5 8. Bg3 dxc4 9. Bxc4 b5 10. Bd3 Nxg3 11. hxg3 h6 12. a3 a5 13. Qc2 Bb7 14. Ne4 Qb6 15. 0-0 0-0 16. b3 c5 17. Nxc5 Nxc5 18. dxc5 Bxc5 19. Be4 Rfc8 20. Bxb7 Qxb7 21. Qb2 b4 22. a4 Be7 23. Rac1 Bf6 24. Qb1 Rc3 25. Nd2 Rac8 26. Nc4 Rc5 27. Rxc3 bxc3 28. Qc2 1/2-1/2

[Event "Hannover-ch A/B"]
[Site "Lehrte"]
[Date "2006.10.17"]
[Round "7"]
[White "Raulf, Christopher"]
[Black "Von Muenchhausen, Joerg"]
[Result "0-1"]
[WhiteElo "1670"]
[BlackElo "1580"]
[PlyCount "64"]
[EventDate "2006.10.14"]
[EventType "swiss"]
[EventRounds "7"]
[EventCountry "GER"]
[SourceTitle "EXT 2021"]
[Source "ChessBase"]
[SourceDate "2020.10.23"]
[SourceVersion "1"]
[SourceVersionDate "2020.10.23"]
[SourceQuality "1"]

1. e4 c5 2. Nf3 Nc6 3. d4 cxd4 4. Nxd4 Nf6 5. Nc3 e5 6. Nb3 Bb4 7. f3 d5 8. exd5 Nxd5 9. Bd2 Nxc3 10. bxc3 Bd6 11. Be2 Be6 12. Be3 0-0 13. Bc5 Be7 14. Qxd8 Rfxd8 15. Bb5 Bg5 16. Bd3 b6 17. Bf2 Rac8 18. h4 Bh6 19. Ke2 Ne7 20. Rhd1 Nd5 21. Be1 Ne3 22. Rdb1 Nxg2 23. Bd2 Bxd2 24. Nxd2 Nxh4 25. Bxh7+ Kxh7 26. Rh1 g5 27. Ne4 Kh6 28. Rag1 Rg8 29. Nxg5 Rxg5 30. Rxh4+ Kg6 31. Rxg5+ Kxg5 32. Ra4 Rxc3 0-1

[Event "Hannover-ch A/B"]
[Site "Lehrte"]
[Date "2006.10.16"]
[Round "5"]
[White "Raulf, Christopher"]
[Black "Nolte, Alexander Nicolai"]
[Result "0-1"]
[WhiteElo "1670"]
[BlackElo "1741"]
[PlyCount "54"]
[EventDate "2006.10.14"]
[EventType "swiss"]
[EventRounds "7"]
[EventCountry "GER"]
[SourceTitle "EXT 2021"]
[Source "ChessBase"]
[SourceDate "2020.10.23"]
[SourceVersion "1"]
[SourceVersionDate "2020.10.23"]
[SourceQuality "1"]

1. e4 c5 2. Nf3 e6 3. c4 Nc6 4. d4 cxd4 5. Nxd4 a6 6. Be3 Nf6 7. Nc3 Bb4 8. Bd3 0-0 9. Qc2 Qc7 10. a3 Be7 11. f3 Ne5 12. b3 Nh5 13. 0-0 Bd6 14. g4 Nxd3 15. gxh5 Nf4 16. Bxf4 Bxf4 17. Kh1 Kh8 18. Nce2 Bh6 19. f4 b6 20. Rf3 Bb7 21. Raf1 f5 22. exf5 Bxf3+ 23. Rxf3 exf5 24. Nxf5 Qc6 25. Kg2 Rae8 26. Ned4 Qe4 27. Qc3 Rxf5 0-1

[Event "Hannover-ch A/B"]
[Site "Lehrte"]
[Date "2006.10.16"]
[Round "6"]
[White "Tenninger, Joerg"]
[Black "Raulf, Christopher"]
[Result "0-1"]
[WhiteElo "1579"]
[BlackElo "1670"]
[PlyCount "74"]
[EventDate "2006.10.14"]
[EventType "swiss"]
[EventRounds "7"]
[EventCountry "GER"]
[SourceTitle "EXT 2021"]
[Source "ChessBase"]
[SourceDate "2020.10.23"]
[SourceVersion "1"]
[SourceVersionDate "2020.10.23"]
[SourceQuality "1"]

1. d4 d5 2. c4 e6 3. Nc3 Nf6 4. Bg5 Nbd7 5. Nf3 c6 6. e3 Bb4 7. Qb3 Qa5 8. c5 Ne4 9. Rc1 b6 10. cxb6 axb6 11. Bd3 Bxc3+ 12. bxc3 Nxg5 13. Nxg5 h6 14. Nf3 Qxa2 15. Qxa2 Rxa2 16. 0-0 Ra3 17. Rc2 0-0 18. Rfc1 Ba6 19. Bxa6 Rxa6 20. c4 Rfa8 21. cxd5 cxd5 22. Kf1 Kf8 23. Ke1 b5 24. Rc7 Ke8 25. Rb7 Rb6 26. Rbc7 b4 27. Kd1 b3 28. Ne1 Nf6 29. f3 b2 30. Rb1 Ra1 31. Kc2 Rxb1 32. Kxb1 Rb3 33. Nc2 Nd7 34. Ra7 Nb6 35. Rb7 Kd8 36. Na3 Kc8 37. Ka2 Rxa3+ 0-1

[Event "Hannover-ch A/B"]
[Site "Lehrte"]
[Date "2006.10.15"]
[Round "4"]
[White "Heimberg, Guenter"]
[Black "Raulf, Christopher"]
[Result "0-1"]
[WhiteElo "1616"]
[BlackElo "1670"]
[PlyCount "94"]
[EventDate "2006.10.14"]
[EventType "swiss"]
[EventRounds "7"]
[EventCountry "GER"]
[SourceTitle "EXT 2021"]
[Source "ChessBase"]
[SourceDate "2020.10.23"]
[SourceVersion "1"]
[SourceVersionDate "2020.10.23"]
[SourceQuality "1"]

1. c4 e5 2. Nc3 Nf6 3. Nf3 Nc6 4. d3 d5 5. cxd5 Nxd5 6. Bd2 Be6 7. a3 a5 8. g3 Bc5 9. Bg2 0-0 10. 0-0 Qd7 11. Ng5 Nce7 12. Nxe6 Qxe6 13. Rc1 Bd6 14. Ne4 Rfc8 15. Qb3 Nf4 16. Qd1 Nxg2 17. Kxg2 f5 18. Ng5 Qg6 19. Qb3+ Kf8 20. h4 h6 21. h5 Qxh5 22. Ne6+ Kg8 23. Nxc7+ Qf7 24. Qxf7+ Kxf7 25. Nxa8 Rxa8 26. Rc2 Nc6 27. e3 Ke6 28. Bc3 g6 29. Rd1 Ne7 30. d4 e4 31. Rcd2 Nd5 32. Rc2 b5 33. Bd2 Kd7 34. Rdc1 Nb6 35. Ra1 Nc4 36. Bc1 Rc8 37. Kg1 a4 38. Kh2 h5 39. Kh3 g5 40. Bd2 g4+ 41. Kh2 h4 42. Rg1 Rh8 43. Kg2 hxg3 44. fxg3 Rh3 45. Kf2 Ke6 46. Be1 Rh2+ 47. Rg2 Rxg2+ 0-1